000 00849nam a2200253Ia 4500
003 OSt
005 20220926005110.0
006 a|||||r|||| 00| 0
007 ta
008 220923b |||||||| |||| 00| 0 eng d
020 _a9788178298849
_c357
037 _b351, 29/12/2008, Bharatiya Sahitya Bhavana
_cGeneral Book
040 _aRTL
_cRTL
_beng
041 _2eng
_aeng
082 _aU47:(W:5).49G, P9
100 _aSingh Ujjawal Kumar Ed.
_9309728
245 0 _aHuman rights and peace
_b Ideas, low, institution and movements
260 _a New Delhi
_bSage Publications
_c2009
300 _axvii, 345p.
_ccm.
500 _aBibliography P 317-32
650 _aGeography
942 _hU47:(W:5).49G, P9
_cGB
_2CC
999 _c612989
_d612989